Sports Quiz

Random Sports Quiz

Top 5 possession winners by AFL club 2013 Quiz Stats

Quiz not verified by Sporcle

Challenge
Share
Tweet
Embed
Score 0/91 Timer 15:00
0 Plays Today
Club Player % Correct
BrisbaneTom Rockliff
94.3%
CollingwoodDane Swan
94.3%
Gold CoastGary Ablett
94.3%
AdelaidePatrick Dangerfield
93.1%
CollingwoodScott Pendlebury
93.1%
CarltonMarc Murphy
92%
GeelongJoel Selwood
92%
HawthornSam Mitchell
92%
West CoastScott Selwood
92%
CarltonChris Judd
90.8%
EssendonJobe Watson
90.8%
GeelongSteve Johnson
90.8%
AdelaideScott Thompson
89.7%
CollingwoodDayne Beams
89.7%
HawthornLuke Hodge
89.7%
CarltonBryce Gibbs
88.5%
FremantleNathan Fyfe
88.5%
SydneyJosh Kennedy
88.5%
FremantleDavid Mundy
87.4%
MelbourneNathan Jones
87.4%
North MelbourneBrent Harvey
87.4%
RichmondTrent Cotchin
87.4%
West CoastMatt Priddis
87.4%
MelbourneMatt Jones
86.2%
North MelbourneAndrew Swallow
85.1%
Western BulldogsMatthew Boyd
85.1%
SydneyKieren Jack
83.9%
St KildaLeigh Montagna
82.8%
EssendonBrent Stanton
81.6%
RichmondDustin Martin
81.6%
AdelaideRory Sloane
80.5%
Club Player % Correct
CarltonKade Simpson
80.5%
FremantleMichael Barlow
80.5%
Port AdelaideTravis Boak
80.5%
RichmondBrett Deledio
80.5%
GeelongJimmy Bartel
79.3%
GWSCallan Ward
79.3%
Western BulldogsRyan Griffen
79.3%
CollingwoodSteele Sidebottom
77%
St KildaJack Steven
74.7%
BrisbaneJack Redden
73.6%
EssendonBrendon Goddard
73.6%
Port AdelaideKane Cornes
73.6%
SydneyJarrad McVeigh
73.6%
Western BulldogsTom Liberatore
73.6%
EssendonDyson Heppell
72.4%
St KildaNick Dal Santo
70.1%
West CoastLuke Shuey
70.1%
HawthornJordan Lewis
69%
SydneyDan Hannebery
69%
BrisbaneSimon Black
66.7%
Gold CoastDion Prestia
66.7%
North MelbourneDaniel Wells
65.5%
Port AdelaideChad Wingard
64.4%
St KildaLenny Hayes
64.4%
CarltonAndrew Walker
63.2%
AdelaideRichard Douglas
62.1%
GeelongCorey Enright
62.1%
Gold CoastHarley Bennell
58.6%
HawthornBrad Sewell
58.6%
Gold CoastJaeger O'Meara
56.3%
Port AdelaideBrad ****
56.3%
Club Player % Correct
West CoastChris Masten
56.3%
BrisbanePearce Hanley
54%
GeelongMathew Stokes
54%
GWSDylan Shiel
54%
CollingwoodLuke Ball
52.9%
GWSAdam Treloar
52.9%
SydneyRyan O'Keefe
52.9%
Western BulldogsAdam Cooney
52.9%
Western BulldogsDaniel Cross
52.9%
HawthornGrant Birchall
49.4%
AdelaideBrad Crouch
47.1%
GWSToby Greene
47.1%
Port AdelaideHamish Hartlett
47.1%
FremantleDanyle Pearce
42.5%
EssendonMichael Hibberd
41.4%
St KildaDavid Armitage
41.4%
RichmondDaniel Jackson
40.2%
West CoastDaniel Kerr
40.2%
GWSTaylor Adams
39.1%
North MelbourneRyan Bastinac
39.1%
North MelbourneSam Gibson
37.9%
Gold CoastJarrod Harbrow
35.6%
North MelbourneLevi Greenwood
35.6%
BrisbaneJed Adcock
33.3%
RichmondBachar Houli
27.6%
MelbourneDean Terlich
18.4%
MelbourneColin Sylvia
17.2%
FremantleGarrick Ibbotson
16.1%
MelbourneJames Magner
13.8%

You're not logged in!

Compare scores with friends on all Sporcle quizzes.
Sign Up with Email
OR
Log In

You Might Also Like...

Show Comments

Extras

Top Quizzes Today


Score Distribution

Your Account Isn't Verified!

In order to create a playlist on Sporcle, you need to verify the email address you used during registration. Go to your Sporcle Settings to finish the process.